00261nam a2200109Ia 4500008004100000041000800041100001600049245002100065260003100086300000900117700002500126250110s9999 xx 000 0 und d aeng aJain Prachi aCity Centre Pune bBNCA B-Arch ID, Punec2016 a110p aGuide Name:Modak S N